Writing and communication in early Egyptian monasticism /

محفوظ في:

مؤلفون آخرون: Choat, Malcolm (المحرر), Giorda, Mariachiara (المحرر)

التنسيق: كتاب

اللغة: English

منشور في: Leiden ; Boston : Brill, [2017].

سلاسل: Texts and studies in Eastern Christianity ; 9.

الموضوعات:

الوسوم: إضافة وسم

لا توجد وسوم, كن أول من يضع وسما على هذه التسجيلة!

رقم الطلب: BX137.2 .W757 2017

LEADER 00968namaa2200277 4500
003 OSt
005 20251102070847.0
008 130303s2017 ne b 001 0 eng d
020 |a 9789004254657 
040 |c ARCE Library 
043 |a f-ua--- 
050 4 |a BX137.2 .W757 2017 
245 0 0 |a Writing and communication in early Egyptian monasticism /   |c edited by Malcolm Choat, Maria Chiara Giorda. 
264 1 |a Leiden ;   |a Boston :   |b Brill,  |c [2017]. 
300 |a xiii, 239 pages :  |c 24 cm. 
490 1 |a Texts and studies in Eastern Christianity ;  |v 9. 
504 |a Includes bibliographical references and indexes. 
650 0 |a Coptic monasticism and religion orders  |z Egypt. 
650 0 |a Coptic language  |x Usage. 
650 0 |a Coptic language  |x History. 
700 1 |a Choat, Malcolm,   |e editor  |9 28017 
700 1 |a Giorda, Mariachiara,   |e editor 
830 0 |a Texts and studies in Eastern Christianity ;  |v 9. 
901 |a reviewed 
942 |c BK  |2 lcc 
999 |c 2738  |d 2738